Sathyasandamaya moshanangal/ (Record no. 144422)

000 -LEADER
fixed length control field 00389nam a22001577a 4500
020 ## - INTERNATIONAL STANDARD BOOK NUMBER
ISBN 9789389155105
082 ## - DEWEY DECIMAL CLASSIFICATION NUMBER
Classification number M1
Item number RAT/S
100 ## - MAIN ENTRY--AUTHOR NAME
Personal name Ratheesh K
245 ## - TITLE STATEMENT
Title Sathyasandamaya moshanangal/
Statement of responsibility, etc by Ratheesh K
260 ## - PUBLICATION, DISTRIBUTION, ETC. (IMPRINT)
Place of publication Kozhikode:
Name of publisher Insight Publica,
Year of publication 2019.
300 ## - PHYSICAL DESCRIPTION
Number of Pages 79p.
650 ## - SUBJECT ADDED ENTRY--TOPICAL TERM
Topical Term Poetry Malayalam
650 ## - SUBJECT ADDED ENTRY--TOPICAL TERM
Topical Term Literature Malayalam
650 ## - SUBJECT ADDED ENTRY--TOPICAL TERM
Topical Term Literature
942 ## - ADDED ENTRY ELEMENTS (KOHA)
Koha item type Book
Holdings
Withdrawn status Lost status Damaged status Not for loan Permanent Location Current Location Shelving location Date acquired Cost, normal purchase price Full call number Accession Number Price effective from Koha item type
        Sree Sankaracharya University of Sanskrit Sree Sankaracharya University of Sanskrit Stacks 14.01.2020 100.00 M1 RAT/S 098584 14.01.2020 Book